Vista normal Vista MARC

Entrada Topical Term

Número de registros utilizados en: 1

001 - CONTROL NUMBER

  • control field: 65437

003 - CONTROL NUMBER IDENTIFIER

  • control field: OSt

005 - DATE AND TIME OF LATEST TRANSACTION

  • control field: 20251007224113.0

008 - FIXED-LENGTH DATA ELEMENTS

  • fixed length control field: 251007|| aca||aabn | a|a d

040 ## - CATALOGING SOURCE

  • Original cataloging agency: OSt
  • Transcribing agency: OSt

150 ## - HEADING--TOPICAL TERM

  • Topical term or geographic name entry element: Joropo (Danza)
  • Geographic subdivision: América Latina
  • Chronological subdivision: Siglo XXI
  • Form subdivision: Concursos

670 ## - SOURCE DATA FOUND

  • Source citation: Work cat.: (OSt)59395: Torneo Internacional del Joropo Miguel Ángel Martín (51o. : 2019 : Villavicencio), 65435, 51 Torneo Internacional del Joropo Miguel Ángel Martín :









Instituto Departamental de Cultura del Meta - Red Departamental de Bibliotecas Públicas del Meta.